| 000 | 00708nam a2200217Ia 4500 | ||
|---|---|---|---|
| 001 | 9571 | ||
| 003 | GE_BSU | ||
| 008 | 181216s||||||||xx |||||||||||||| ||und|| | ||
| 020 | _a978522213321 | ||
| 040 | _cGE_BSU | ||
| 080 | _a54(075.8) | ||
| 245 | _aЛабораторный практикум по общей и неорганической химии | ||
| 245 | _cПод общ.ред.В.М. Аланова Г.М.Житнова | ||
| 260 | _aРостов-на-Дону | ||
| 260 | _bФеникс | ||
| 260 | _c2008 | ||
| 300 | _a411стр.21см. | ||
| 541 | _h27л. | ||
| 653 | _aЛабораторный практикум по общей и неорганической химии | ||
| 942 | _cBK | ||
| 999 |
_c42863 _d42863 |
||